000 01225nam a22002897a 4500
005 20170124103020.0
010 _a027192
020 _c01.50.00
035 _a027192
037 _bCen Lib/Ret
040 _aDPL
_bHN
082 _a921
_bजेफरसन
100 _aजेफरसन
_9500
245 _a प्रबंध और परिचय /
_cजेफरसन ;सम्पादक एड्रीन कौच [एवं] विलियम पेड़न
246 _aPrabandh aur parichya
_bby Jefrson ;sampadak Adreen koch [evam] william Pedan
260 _aनई दिल्ली
_bआधुनिक साहित्य प्रकाशन
270 _aनई दिल्ली
_bनई दिल्ली
300 _a254पृष्ठ.
_c16सेमी(सजिल्द)
500 _a
650 _aहिंदी साहित्य
_960357
650 _aजेफरसन का लेख
_948089
650 _aHindi literature
_960358
650 _aJefferson article
_960359
700 _aकोच,एड्रीन
_960360
700 _aपेड़न , विलियम
_9210
942 _2ddc
_cHN
_h921
_mजेफरसन
999 _c115200
_d115200